01336nam a2200217 a 450000500170000000800410001704000250005804100080008304400070009124504180009826001020051630000240061850000350064250502350067765000390091265000280095165000310097965100500101065100340106065100240109420180803165431.0130902b2009 ck |||||r|||| 00| 0 spa d aCO-BoIAVHcCO-BoIAVH aspa ack aEstrategia de conservación de la biodiversidad y regulación de los servicios ambientales mediante la restitución de la conectividad estructural de fragmentos de bosque andino y sub andino en el sector Reserva Forestal Laguna de Pedro Palo - Cerro Manjuí y el DMI Cuchilla de Peñas Blancas y El Subia en CundinamarcabDiseño, negociación e implementación de Herramientas de Manejo del Paisaje - HMP aBogotábInstituto de Investigación de Recursos Biológicos Alexander von HumboldtbCARc2009 a104 p.bil.c28 cm. aConvenio CAR - IAvH No. 08-330 aDiseño y establecimiento de herramientas de manejo del paisaje con el fin de restituir la conectividad entre la Reserva Forestas Laguna de Pedro Palo - Cerro Manjui y el DMI Cuchilla de Peñas Blancas y El Subia en Cundinamarca aHerramientas de Manejo del Paisaje aCorredores biológicos aRestauración ecológica aLaguna de Pedro PalozCerro Manjui (Colombia) aPeñas BlancaszCundinamarca aSubiazCundinamarca